000 00789nam a2200253Ia 4500
003 OSt
005 20220928115459.0
006 a|||||r|||| 00| 0
007 ta
008 220927b |||||||| |||| 00| 0 eng d
020 _c3459.3499999999999
024 _a100638
037 _b276, 14/09/2009, Bharatiya Sahitya Bhavana
_cTextual
040 _aSDCL
_cSDCL
_beng
041 _2eng
_aeng
082 _aW, P4
100 _aTan Kok-Char
_9444503
245 0 _aJustice without borders
_b Cosmopolitanism nationalism and patriotism.
260 _aCambridge
_bCambridge University Press
_c2004
300 _axi,219p
_ccm.
650 _aPolitical Science
942 _hW, P4
_cTEXL
_2CC
999 _c759584
_d759584